000 00751nam a22002417a 4500
003 DO-SdBNP
005 20240530073927.0
007 ta
008 220617b1998 dr ||||| |||| 00| 0 spa d
020 _a8492242418
040 _aDO-SdBNP
_bspa
_cBNPHU
082 4 _aRD863.44
_bS489t
_222
100 1 _aSerulle, Haffe,
_d1947-
_922959
245 1 3 _aEl transito del reloj :
_bnovela /
_cHaffe Serulle
260 _aSanto Domingo :
_bFundación Ciencia y Arte,
_c1998.
300 _a353 p. ;
_c22 cm.
500 _aIncluye datos biográficos del autor en las solapas
590 _aInventariado, 2022/BT
650 0 _aNovela dominicana
_9223
650 4 _aLiteratura dominicana
910 _aBtavarez/Validado. Control de calidad MFF
942 _2ddc
_cLBS1
999 _c52058
_d52058